Obec ako správca dane
Prepojenie daňového poriadku a zákona o miestnych daniach. Základné zásady správy daní. Používanie jazyka pri správe daní. Vecná príslušnosť.
Salvato in:
| Autore principale: | |
|---|---|
| Natura: | Capitolo di libro |
| Lingua: | slovacco |
| Soggetti: | |
| Tags: |
Nessun Tag, puoi essere il primo ad aggiungerne!!
|
MARC
| LEADER | 00000naa a2200000 4500 | ||
|---|---|---|---|
| 001 | 0222974 | ||
| 005 | 20231120131150.9 | ||
| 041 | 0 | |a slo | |
| 044 | |a SK | ||
| 245 | 1 | 0 | |a Obec ako správca dane |c Naďa Vašková |
| 520 | |a Prepojenie daňového poriadku a zákona o miestnych daniach. Základné zásady správy daní. Používanie jazyka pri správe daní. Vecná príslušnosť. | ||
| 610 | 2 | 0 | |a správa daňová |
| 610 | 2 | 0 | |a obce |
| 610 | 2 | 0 | |a dane miestne |
| 610 | 2 | 0 | |a poriadok daňový |
| 100 | 1 | |a Vašková, Naďa | |